|
|
|
|
| LEADER |
00722cam a2200193 7i4500 |
| 001 |
0000024340 |
| 005 |
20100330090000.0 |
| 090 |
0 |
0 |
|a M 684.1025
|b MAL
|
| 245 |
0 |
0 |
|a Malaysia furniture 2010.
|
| 250 |
0 |
0 |
|a 18th ed.
|
| 260 |
0 |
0 |
|a Subang Jaya:
|b FEM Publishing,
|c 2010.
|
| 300 |
# |
# |
|a 376 p.
|
| 650 |
0 |
0 |
|a Furniture --
|x Directories --
|z Malaysia
|
| 651 |
0 |
0 |
|a Malaysia
|
| 999 |
|
|
|a JHR000209H
|b Directories
|c Malaysia
|e MATRADE Southern Regional Office
|
| 999 |
|
|
|a PNG000916H
|b Directories
|c Malaysia
|e MATRADE Northern Regional Office
|
| 999 |
|
|
|a SBH000886H
|b Directories
|c Malaysia
|e MATRADE Sabah
|
| 999 |
|
|
|a SRW000313H
|b Directories
|c Malaysia
|e MATRADE Sarawak
|
| 999 |
|
|
|a TRG000198H
|b Directories
|c Malaysia
|e MATRADE Eastern Regional Office
|